Législation des eaux / par Louis Courcelle et E. Dardart
Descripción Física:
VIII, 952, 16 p. : il. ; 19 cm
MARC
| LEADER | 00000nam a2200000Ia 4500 | ||
|---|---|---|---|
| 001 | 18311 | ||
| 008 | 160829s1905 xx 000 0 cat d | ||
| 080 | |a C-2-476 | ||
| 100 | |a Courcelle, Louis |9 23220 | ||
| 245 | |a Législation des eaux / par Louis Courcelle et E. Dardart | ||
| 260 | |a Paris : |b H. Dunod et E. Pinat, |c 1905 | ||
| 300 | |a VIII, 952, 16 p. : |b il. ; |c 19 cm | ||
| 490 | |a Bibliotheque du conducteur de travaux publics | ||
| 590 | |a Text en francès | ||
| 650 | 0 | |a Aigua |x Dret i legislació |9 23221 | |
| 650 | |a Mar |9 23222 | ||
| 650 | |a Rius |9 23223 | ||
| 901 | |a Arxiu | ||
| 942 | |n 1 | ||
| 952 | |0 0 |1 0 |4 0 |6 C2476 |7 1 |9 42622 |a Arxiu |b Arxiu |d 2016-12-01 |l 0 |o C-2-476 |p 18311 |r 2016-12-01 00:00:00 |w 2016-12-01 |y ARXIU | ||
| 999 | |c 45127 |d 45127 | ||